Réal Madrid : 11 du XXème siècle - Statistiques

Statistiques générales
  • Ce quiz a été pris 143 fois
  • Le résultat moyen est 4 sur 12
Statistiques - réponses
Postes Pays Années de passage Joueurs % Correct
Défenseur Gauche Brésil 1996-2007 Roberto Carlos
84%
Attaquant Espagne/Argentine 1953-1964 Alfredo Di Stefano
80%
Attaquant Hongrie 1958-1966 Ferenc Puskas
80%
Défenseur Central Espagne 1989-2003 Fernando Hierro
70%
Attaquant Espagne 1953-1971 Francisco Gento
35%
Milieu de terrain Espagne 1994-2000 Fernando Redondo
12%
Défenseur Droit Espagne 1974-1989 José Antonio Camacho
8%
Défenseur Central Espagne 1964-1980 Pirri
6%
Attaquant Espagne 1962-1976 Amancio
3%
Entraîneur Espagne 1960-1974 Miguel Muñoz
3%
Gardien Espagne 1961-1971 Antonio Betancort
2%
Milieu de terrain Espagne 1956-1963 Antonio Ruiz
0%
Aucun quiz correspondant
Distribution des résultats
% des personnes avec chaque résultat
Percentile par nombre de réponses
Votre historique - résultats
Vous n’avez pas pris ce quiz